00371nam a2200121Ia 4500008004100000100001500041245002200056245001600078260000900094856005400103999001900157952007300176160531s9999 xx 000 0 und d aTal, Haim. aBone Regeneration cby Haim Tal c2012 uhttp://www.intechopen.com/books/bone-regeneration c295476d295476 001040aCLbCLd2016-05-31l0r2016-05-31 00:00:00w2016-05-31yCBE